| 000 | 01405naa a22003617a 4500 | ||
|---|---|---|---|
| 001 | BR8705722 | ||
| 003 | BR-BrBNA | ||
| 005 | 20250721154522.0 | ||
| 007 | ta | ||
| 008 | 250630b bl.|||m| |||| 00| 0 por d | ||
| 040 |
_aBR-BrBNA _bpor _cBiblioteca Nacional de Agricultura |
||
| 041 | _a(Pt) | ||
| 072 |
_aF04 _b0180 _b0336 _b1740 _b3860 _bG514 |
||
| 090 | _aF04 BR8705722 | ||
| 100 | 1 | _aMachado, M.O. | |
| 100 | 1 | _aCordeiro, D.S. | |
| 100 | 1 | _aVasconcellos, E.B. | |
| 100 | 1 | _aBrauner, J.L. | |
| 100 | 1 | _aRoewer, G. | |
| 245 | 1 | _aUtilizacao de residuos de microdestilaria e de biodigestor na adubacao de culturas na regiao sudeste do Rio Grande do Sul | |
| 500 | _aEnergia alternativa para propriedade rural: fontes, utilizacao e perspectivas Brasilia, DF (Brasil): EMBRAPA. Depto. de Difusao de Tecnologia, 1986. p. 27-35 [Summaries (En, Pt); 10 ref.] (BR8705722-AMS) | ||
| 773 | 0 |
_tEnergia alternativa para propriedade rural: fontes, utilizacao e perspectivas _wF04 BR8705722 _gBrasilia, DF (Brasil), 1986. p. 27-35 |
|
| 650 | _aTRIGO | ||
| 650 | _aSOJA | ||
| 650 | _aCEBOLA | ||
| 650 | _aADUBACAO | ||
| 650 | _aBIOFERTILIZANTE | ||
| 650 | _aVINHACA | ||
| 650 | _aRIO GRANDE DO SUL | ||
| 490 |
_aDocumentos - Centro de Pesquisa Agropecuaria de Terras Baixas de Clima Temperado (Brazil) _vno. 23 _xISSN 0101-9708 |
||
| 942 |
_cAMS _2AGRIS |
||
| 909 |
_a202506 _bLúcia _c55 _dLúcia Elande |
||
| 999 |
_c335308 _d335308 |
||